[Event "ROM-ch sf"]
[Site "Sovata"]
[Date "2001.03.17"]
[Round "10"]
[White "Sima, Marian"]
[Black "Toma Andreica, Alin"]
[Result "1-0"]
[WhiteElo "2291"]
[BlackElo "2221"]
[PlyCount "43"]
[EventDate "2001.03.10"]
[EventType "swiss"]
[EventRounds "11"]
[EventCountry "ROU"]
[SourceTitle "EXT 2008"]
[Source "ChessBase"]
[SourceDate "2007.11.25"]
[SourceVersion "1"]
[SourceVersionDate "2007.11.25"]
[SourceQuality "1"]

1. f4 d5 2. Nf3 c5 3. e3 Nc6 4. b3 Bg4 5. Bb2 e6 6. h3 Bh5 7. Bb5 f5 8. 0-0 Nf6 9. Bxc6+ bxc6 10. Qe1 Bxf3 11. Rxf3 g6 12. Nc3 Bg7 13. Na4 c4 14. bxc4 dxc4 15. Qe2 Kf7 16. d4 cxd3 17. cxd3 Qa5 18. Qc2 Rab8 19. Be5 Rb4 20. Nc5 Rd8 21. Rc1 Qb5 22. a3 1-0

[Event "ROM-chT"]
[Site "Eforie Nord"]
[Date "2000.12.19"]
[Round "2"]
[White "Moraru, Marius"]
[Black "Sima, Marian"]
[Result "0-1"]
[WhiteElo "2302"]
[BlackElo "2293"]
[PlyCount "113"]
[EventDate "2000.12.18"]
[EventType "team"]
[EventRounds "5"]
[EventCountry "ROU"]
[SourceTitle "CBM 081"]
[Source "ChessBase"]
[SourceDate "2001.03.20"]
[SourceVersion "1"]
[SourceVersionDate "2001.03.20"]
[SourceQuality "1"]
[WhiteTeam "Brasov Dinamo"]
[BlackTeam "Bucharest Electrica"]
[WhiteTeamCountry "ROU"]
[BlackTeamCountry "ROU"]

1. e4 c5 2. Nf3 d6 3. d4 Nf6 4. Nc3 cxd4 5. Nxd4 Nc6 6. Bc4 Qb6 7. Nb3 e6 8. Bf4 Ne5 9. Be2 a6 10. Be3 Qc7 11. f4 Nc4 12. Bxc4 Qxc4 13. Qd3 Qxd3 14. cxd3 Bd7 15. h3 h5 16. e5 Ng8 17. Rc1 Ne7 18. 0-0 Nf5 19. Bb6 Be7 20. Ne4 dxe5 21. fxe5 Bc6 22. Rf2 0-0 23. Na5 Bd5 24. Kh2 Rac8 25. Rfc2 Rxc2 26. Rxc2 Bd8 27. Bxd8 Rxd8 28. Rc7 h4 29. Nxb7 Bxb7 30. Rxb7 Rxd3 31. Ng5 g6 32. Kg1 Rd2 33. Nxf7 Ne3 34. Nh6+ Kh8 35. Ng4 Rxg2+ 36. Kh1 Rg3 37. Nf6 Rxh3+ 38. Kg1 Rg3+ 39. Kh2 Ng4+ 40. Nxg4 Rxg4 41. Rb6 Re4 42. Rxe6 Kg7 43. Kh3 a5 44. Re7+ Kh6 45. e6 Kg5 46. Ra7 Re3+ 47. Kg2 Rxe6 48. Rxa5+ Kg4 49. Ra4+ Kh5 50. b4 g5 51. b5 Re2+ 52. Kg1 Rb2 53. Ra5 h3 54. Ra3 Kh4 55. Rb3 h2+ 56. Kh1 Rxb3 57. axb3 0-1

[Event "ROM-chT"]
[Site "Sovata"]
[Date "2000.04.17"]
[Round "5"]
[White "Vajda, Levente"]
[Black "Sima, Marian"]
[Result "1-0"]
[WhiteElo "2459"]
[BlackElo "2212"]
[PlyCount "89"]
[EventDate "2000.04.13"]
[EventType "team"]
[EventRounds "5"]
[EventCountry "ROU"]
[SourceTitle "EXT 2001"]
[Source "ChessBase"]
[SourceDate "2000.11.22"]
[SourceVersion "1"]
[SourceVersionDate "2000.11.22"]
[SourceQuality "1"]

1. e4 c5 2. Nf3 d6 3. c3 Nf6 4. Be2 e5 5. 0-0 Be7 6. Re1 0-0 7. Bf1 b6 8. d4 Bb7 9. d5 Re8 10. a4 a6 11. Na3 Bf8 12. Rb1 Nbd7 13. Nd2 Qc7 14. Ndc4 g6 15. g4 h6 16. f3 Nh7 17. Be3 f5 18. b4 f4 19. Bf2 h5 20. gxh5 gxh5 21. bxc5 bxc5 22. Kh1 Re7 23. Nxd6 Qxd6 24. Rxb7 Nb6 25. Rxe7 Bxe7 26. a5 c4 27. axb6 Qxa3 28. d6 Qxd6 29. Bxc4+ Kf8 30. Qxd6 Bxd6 31. Rg1 Nf6 32. Bh4 Rc8 33. Ba2 Ng4 34. fxg4 Bc5 35. b7 Rb8 36. Rd1 hxg4 37. Rd8+ Rxd8 38. Bxd8 Bd6 39. Be6 g3 40. hxg3 fxg3 41. c4 Ke8 42. c5 Bb8 43. Ba5 Ke7 44. Bf5 g2+ 45. Kxg2 1-0

[Event "ROM-chT"]
[Site "Sovata"]
[Date "2000.04.15"]
[Round "3"]
[White "Berescu, Alin Mile"]
[Black "Sima, Marian"]
[Result "1/2-1/2"]
[WhiteElo "2480"]
[BlackElo "2212"]
[PlyCount "46"]
[EventDate "2000.04.13"]
[EventType "team"]
[EventRounds "5"]
[EventCountry "ROU"]
[SourceTitle "EXT 2001"]
[Source "ChessBase"]
[SourceDate "2000.11.22"]
[SourceVersion "1"]
[SourceVersionDate "2000.11.22"]
[SourceQuality "1"]

1. e4 c5 2. Nf3 d6 3. d4 Nf6 4. Nc3 cxd4 5. Nxd4 Nc6 6. g3 Qb6 7. Nb3 Bg4 8. f3 Bd7 9. Qe2 e6 10. Be3 Qc7 11. g4 h6 12. h4 a6 13. Rg1 g6 14. 0-0-0 b5 15. g5 Nh5 16. f4 hxg5 17. hxg5 Rb8 18. Qd2 b4 19. Ne2 a5 20. Nbd4 e5 21. Nxc6 Bxc6 22. Bg2 Qb7 23. Rh1 Rg8 1/2-1/2

[Event "Bucharest2"]
[Site "Bucharest"]
[Date "2000.??.??"]
[Round "4"]
[White "Burnoiu, Nicolae Costel"]
[Black "Sima, Marian"]
[Result "1/2-1/2"]
[WhiteElo "2353"]
[BlackElo "2212"]
[PlyCount "80"]
[EventDate "2000.??.??"]
[EventType "tourn"]
[EventRounds "11"]
[EventCountry "ROU"]
[EventCategory "2"]
[SourceTitle "EXT 2002"]
[Source "ChessBase"]
[SourceDate "2001.11.25"]
[SourceVersion "1"]
[SourceVersionDate "2001.11.25"]
[SourceQuality "1"]

1. e4 c5 2. Nf3 d6 3. d4 Nf6 4. Nc3 cxd4 5. Nxd4 Nc6 6. Be3 Ng4 7. Bb5 Nxe3 8. fxe3 Bd7 9. Bxc6 bxc6 10. 0-0 e5 11. Qf3 f6 12. Nde2 Be6 13. b3 Be7 14. Rad1 0-0 15. Na4 Qc7 16. Ng3 g6 17. c4 Rf7 18. Rd2 Raf8 19. Rdf2 Qa5 20. Qd1 h5 21. Qd3 Kg7 22. Nc3 h4 23. Nge2 f5 24. exf5 Bxf5 25. e4 Bg4 26. Rxf7+ Rxf7 27. Rxf7+ Kxf7 28. Kf1 g5 29. h3 Be6 30. g4 hxg3 31. Kg2 Qd8 32. Qf3+ Kg6 33. Nxg3 Qh8 34. Nf5 Qf6 35. Ne2 Bxf5 36. exf5+ Qxf5 37. Qxc6 Qc2 38. Kf3 Qxa2 39. Qe4+ Kf7 40. Kg4 Qd2 1/2-1/2

[Event "ROM-ch sf"]
[Site "Baile Tusnad"]
[Date "2000.??.??"]
[Round "5"]
[White "Florescu, Codrut Constantin"]
[Black "Sima, Marian"]
[Result "0-1"]
[WhiteElo "2381"]
[BlackElo "2212"]
[PlyCount "62"]
[EventDate "2000.05.??"]
[EventType "swiss"]
[EventRounds "11"]
[EventCountry "ROU"]
[SourceTitle "EXT 2001"]
[Source "ChessBase"]
[SourceDate "2000.11.22"]
[SourceVersion "1"]
[SourceVersionDate "2000.11.22"]
[SourceQuality "1"]

1. e4 c5 2. Nf3 d6 3. d4 Nf6 4. Nc3 cxd4 5. Nxd4 Nc6 6. g3 Qb6 7. Nb3 Bg4 8. f3 Be6 9. Bg5 Rc8 10. Bxf6 gxf6 11. Qd2 Ne5 12. Be2 f5 13. exf5 Bxf5 14. Nd5 Qc6 15. Ne3 Nxf3+ 16. Bxf3 Qxf3 17. Rf1 Qe4 18. Rxf5 Bh6 19. Rf4 Bxf4 20. gxf4 Qh1+ 21. Nf1 Rg8 22. Qd3 Rg2 23. Nd4 e5 24. Qb5+ Kd8 25. fxe5 Rc5 26. Nc6+ Rxc6 27. Qb4 Rgxc2 28. Qf4 Qg2 29. Ng3 R6c4 30. Qf6+ Ke8 31. Rd1 Re4+ 0-1

[Event "ROM-ch sf"]
[Site "Baile Tusnad"]
[Date "2000.??.??"]
[Round "9"]
[White "Sima, Marian"]
[Black "Danilov, Vladimir"]
[Result "0-1"]
[WhiteElo "2212"]
[BlackElo "2336"]
[PlyCount "79"]
[EventDate "2000.05.??"]
[EventType "swiss"]
[EventRounds "11"]
[EventCountry "ROU"]
[SourceTitle "EXT 2001"]
[Source "ChessBase"]
[SourceDate "2000.11.22"]
[SourceVersion "1"]
[SourceVersionDate "2000.11.22"]
[SourceQuality "1"]

1. e4 e5 2. Nc3 Nc6 3. g3 d6 4. Bg2 f5 5. Nge2 fxe4 6. Nxe4 d5 7. N4c3 Nf6 8. d4 exd4 9. Nxd4 Nxd4 10. Qxd4 c6 11. 0-0 Be7 12. Na4 0-0 13. Re1 Ng4 14. f3 Bf6 15. Qd1 Ne5 16. Rb1 b6 17. b3 Bb7 18. Ba3 Re8 19. Bb2 Qc7 20. f4 Nd7 21. Bh3 Bxb2 22. Nxb2 Nf6 23. c4 c5 24. cxd5 Bxd5 25. Nc4 Rad8 26. Rxe8+ Rxe8 27. Qd2 b5 28. Ne5 c4 29. Qd4 cxb3 30. axb3 Ba8 31. Rd1 Qb7 32. Kf2 h5 33. Bd7 Qg2+ 34. Ke1 Bf3 35. Bxb5 Qh1+ 36. Bf1 Bxd1 37. Qxd1 Qxh2 38. Bc4+ Kh8 39. Qd3 Ng4 40. Qg6 0-1

[Event "ROM-ch sf"]
[Site "Baile Tusnad"]
[Date "2000.??.??"]
[Round "6"]
[White "Sima, Marian"]
[Black "Dumitrache, Dragos Nicolae"]
[Result "1/2-1/2"]
[WhiteElo "2212"]
[BlackElo "2420"]
[PlyCount "33"]
[EventDate "2000.05.??"]
[EventType "swiss"]
[EventRounds "11"]
[EventCountry "ROU"]
[SourceTitle "EXT 2001"]
[Source "ChessBase"]
[SourceDate "2000.11.22"]
[SourceVersion "1"]
[SourceVersionDate "2000.11.22"]
[SourceQuality "1"]

1. e4 g6 2. d4 Bg7 3. g3 c5 4. dxc5 Qa5+ 5. c3 Qxc5 6. Be3 Qc7 7. Bg2 Nf6 8. h3 d6 9. Ne2 Nc6 10. 0-0 0-0 11. Na3 Bd7 12. Nb5 Qb8 13. c4 Ne5 14. b3 Bxb5 15. cxb5 Rc8 16. Qd2 Ned7 17. Rac1 1/2-1/2

[Event "Bucharest2"]
[Site "Bucharest"]
[Date "2000.??.??"]
[Round "1"]
[White "Sima, Marian"]
[Black "Marin, Irina Luiza"]
[Result "1-0"]
[WhiteElo "2212"]
[BlackElo "2261"]
[PlyCount "53"]
[EventDate "2000.??.??"]
[EventType "tourn"]
[EventRounds "11"]
[EventCountry "ROU"]
[EventCategory "2"]
[SourceTitle "EXT 2002"]
[Source "ChessBase"]
[SourceDate "2001.11.25"]
[SourceVersion "1"]
[SourceVersionDate "2001.11.25"]
[SourceQuality "1"]

1. c4 c6 2. b3 d5 3. Bb2 Nf6 4. f4 Qb6 5. Qc2 Na6 6. Nf3 Nb4 7. Qc1 dxc4 8. bxc4 Ne4 9. a3 Na6 10. d3 Nec5 11. Nbd2 Bf5 12. Rb1 0-0-0 13. e4 Nxd3+ 14. Bxd3 Qe3+ 15. Be2 Nc5 16. Ne5 Bxe4 17. Nxe4 Qxe4 18. Kf2 f6 19. Bf3 Qf5 20. g4 Qe6 21. Qe3 fxe5 22. Qxc5 exf4 23. Rhe1 Qg6 24. Be5 Qc2+ 25. Kg1 e6 26. Qxa7 Rd2 27. Qb8+ 1-0

[Event "Centrocoop op"]
[Site "Eforie Nord"]
[Date "2000.??.??"]
[Round "?"]
[White "Sima, Marian"]
[Black "Mihailov, Iulian"]
[Result "0-1"]
[WhiteElo "2290"]
[BlackElo "2080"]
[PlyCount "78"]
[EventDate "2000.??.??"]
[EventType "swiss"]
[EventRounds "9"]
[EventCountry "ROU"]
[SourceTitle "EXT 2004"]
[Source "ChessBase"]
[SourceDate "2003.11.25"]
[SourceVersion "1"]
[SourceVersionDate "2003.11.25"]
[SourceQuality "1"]

1. e4 c5 2. Nf3 Nc6 3. c3 Nf6 4. d3 d5 5. e5 Ng8 6. h3 Qc7 7. Qe2 e6 8. Bf4 Nge7 9. Nbd2 h5 10. Bh2 b6 11. g3 Ba6 12. Bg2 Ng6 13. g4 hxg4 14. hxg4 Rxh2 15. Rxh2 Nf4 16. Qe3 Nxd3+ 17. Kd1 Ncxe5 18. Nxe5 Nxe5 19. Qf4 0-0-0 20. Bf1 Bxf1 21. Nxf1 Bd6 22. Rh7 d4 23. cxd4 Nc6 24. Qe4 Be5 25. Ke1 Rxd4 26. Rh8+ Kb7 27. Qe2 Rf4 28. Ne3 Nd4 29. Qd3 Nf3+ 30. Ke2 Rd4 31. Qb5 Rb4 32. Qe8 Nd4+ 33. Kf1 Rxb2 34. Nc4 Re2 35. Rf8 Qb8 36. Qxf7+ Qc7 37. Qe8 Qb8 38. Qf7+ Qc7 39. Qe8 Qb8 0-1

[Event "ROM-ch sf"]
[Site "Baile Tusnad"]
[Date "2000.??.??"]
[Round "7"]
[White "Sima, Marian"]
[Black "Vajda, Albert"]
[Result "1/2-1/2"]
[WhiteElo "2212"]
[BlackElo "2383"]
[PlyCount "83"]
[EventDate "2000.05.??"]
[EventType "swiss"]
[EventRounds "11"]
[EventCountry "ROU"]
[SourceTitle "EXT 2001"]
[Source "ChessBase"]
[SourceDate "2000.11.22"]
[SourceVersion "1"]
[SourceVersionDate "2000.11.22"]
[SourceQuality "1"]

1. a3 Nf6 2. c4 g6 3. b4 a5 4. Bb2 axb4 5. axb4 Rxa1 6. Bxa1 Bg7 7. d4 0-0 8. Nf3 d5 9. e3 Bf5 10. Nbd2 Ne4 11. Nxe4 dxe4 12. Nd2 e5 13. d5 c6 14. dxc6 Nxc6 15. Bc3 Qe7 16. Qb3 Nd4 17. Qb2 Rd8 18. c5 Bg4 19. Bc4 Qg5 20. Qa2 Bf5 21. g3 Nf3+ 22. Nxf3 exf3 23. Bxf7+ Kh8 24. Bd5 Bd3 25. h4 Qf5 26. h5 Be2 27. hxg6 Qxg6 28. Bd2 e4 29. Rh4 Bd3 30. Kd1 Bf6 31. Rf4 Qh6 32. Rh4 Qg7 33. Rf4 Qh6 34. Rh4 Qg5 35. Rf4 Rxd5 36. Rxf6 Qxf6 37. Qxd5 Qa1+ 38. Bc1 Qa4+ 39. Ke1 Qxb4+ 40. Kd1 Qa4+ 41. Ke1 Qb4+ 42. Kd1 1/2-1/2

[Event "Bucharest2"]
[Site "Bucharest"]
[Date "2000.??.??"]
[Round "2"]
[White "Tikhomirov, Sergei"]
[Black "Sima, Marian"]
[Result "0-1"]
[WhiteElo "2265"]
[BlackElo "2212"]
[PlyCount "104"]
[EventDate "2000.??.??"]
[EventType "tourn"]
[EventRounds "11"]
[EventCountry "ROU"]
[EventCategory "2"]
[SourceTitle "EXT 2002"]
[Source "ChessBase"]
[SourceDate "2001.11.25"]
[SourceVersion "1"]
[SourceVersionDate "2001.11.25"]
[SourceQuality "1"]

1. e4 c5 2. Nf3 d6 3. d4 Nf6 4. dxc5 Nxe4 5. cxd6 Nxd6 6. Bf4 Nc6 7. Be2 g6 8. c3 Bg7 9. Na3 e5 10. Bg5 Qc7 11. Nb5 Nxb5 12. Bxb5 0-0 13. Be3 Bg4 14. Be2 e4 15. Nd2 Bxe2 16. Qxe2 f5 17. 0-0 Ne5 18. Bd4 Ng4 19. Qc4+ Qxc4 20. Nxc4 Bxd4 21. cxd4 Rfd8 22. Rad1 Rac8 23. Ne3 Nf6 24. g3 Rd7 25. Rd2 Kf7 26. d5 Ke7 27. Rfd1 b5 28. Rd4 Kd6 29. a4 a6 30. axb5 axb5 31. Ra1 Ke5 32. Rad1 g5 33. Rb4 f4 34. Ng2 Rc5 35. gxf4+ gxf4 36. Re1 Rdxd5 37. f3 Rc4 38. fxe4 Nxe4 39. Rb3 Kf5 40. Rf3 Nd2 41. Ne3+ Kg5 42. Rxf4 Rxf4 43. Nxd5 Nf3+ 44. Kf2 Nxe1+ 45. Nxf4 Kxf4 46. Kxe1 Ke3 47. Kd1 Kd3 48. h4 h5 49. Kc1 b4 50. Kb1 b3 51. Kc1 Ke2 52. Kb1 Kf3 0-1

[Event "ROM-ch sf"]
[Site "Baile Tusnad"]
[Date "1999.??.??"]
[Round "8"]
[White "Sima, Marian"]
[Black "Burnoiu, Nicolae Costel"]
[Result "0-1"]
[WhiteElo "2212"]
[BlackElo "2312"]
[PlyCount "45"]
[EventDate "1999.09.??"]
[EventType "swiss"]
[EventRounds "9"]
[EventCountry "ROU"]
[SourceTitle "EXT 2000"]
[Source "ChessBase"]
[SourceDate "1999.11.16"]
[SourceVersion "1"]
[SourceVersionDate "1999.11.16"]
[SourceQuality "1"]

1. d4 Nf6 2. Bg5 e6 3. e3 c5 4. c3 d5 5. Nd2 Nc6 6. f4 Be7 7. Ngf3 0-0 8. Bd3 Nd7 9. Qb1 h6 10. Bxe7 Qxe7 11. 0-0 f5 12. Ne5 Ndxe5 13. dxe5 Rb8 14. a4 a6 15. Qd1 b5 16. axb5 axb5 17. g4 c4 18. Bc2 Qc5 19. Rf3 fxg4 20. Rf2 Qxe3 21. Nf1 Qc5 22. Qe2 Rxf4 23. Ne3 0-1

[Event "Centrocoop Sept op-A"]
[Site "Eforie Nord"]
[Date "1998.??.??"]
[Round "?"]
[White "Sima, Marian"]
[Black "Bodnar, Ovidiu"]
[Result "1-0"]
[WhiteElo "2195"]
[BlackElo "2130"]
[PlyCount "75"]
[EventDate "1998.09.??"]
[EventType "swiss"]
[EventRounds "11"]
[EventCountry "ROU"]
[SourceTitle "EXT 2000"]
[Source "ChessBase"]
[SourceDate "1999.11.16"]
[SourceVersion "1"]
[SourceVersionDate "1999.11.16"]
[SourceQuality "1"]

1. c4 e5 2. b3 Bc5 3. Bb2 d6 4. g3 Nf6 5. Bg2 Nc6 6. Nc3 0-0 7. a3 a6 8. e3 Bf5 9. d3 Qd7 10. h3 Ba7 11. Nge2 Nd8 12. g4 Be6 13. d4 exd4 14. exd4 d5 15. g5 Nh5 16. Nxd5 Bxd5 17. Bxd5 Qf5 18. Qb1 Qxg5 19. Rg1 Qe7 20. Qf5 Nf6 21. Bf3 g6 22. 0-0-0 Ne8 23. Nf4 Ng7 24. Qc2 Qd6 25. Qd2 Nde6 26. Nd5 f6 27. c5 Qd7 28. b4 c6 29. Ne3 Nf4 30. d5 cxd5 31. Nxd5 Nfh5 32. Nxf6+ Nxf6 33. Qxd7 Nxd7 34. Rxd7 Rxf3 35. Rxg7+ Kf8 36. Rxh7 Rb8 37. Rxg6 Rxf2 38. Be5 1-0

[Event "ROM-chT2"]
[Site "Sovata"]
[Date "1997.??.??"]
[Round "4"]
[White "Ardelean, George Catalin"]
[Black "Sima, Marian"]
[Result "1/2-1/2"]
[WhiteElo "2235"]
[BlackElo "2270"]
[PlyCount "90"]
[EventDate "1997.10.??"]
[EventType "team-tourn"]
[EventRounds "7"]
[EventCountry "ROU"]
[SourceTitle "EXT 2000"]
[Source "ChessBase"]
[SourceDate "1999.11.16"]
[SourceVersion "1"]
[SourceVersionDate "1999.11.16"]
[SourceQuality "1"]

1. e4 d5 2. exd5 Qxd5 3. Nc3 Qa5 4. d4 Nf6 5. Nf3 Bf5 6. Bc4 e6 7. 0-0 Nbd7 8. Qe2 c6 9. Bb3 Bd6 10. Bd2 Qc7 11. h3 0-0 12. Rfe1 b5 13. Ne5 h6 14. f4 h5 15. a4 b4 16. Nd1 c5 17. c3 Rab8 18. Bc4 Nb6 19. Ne3 Nxc4 20. N3xc4 bxc3 21. Bxc3 cxd4 22. Bxd4 Bc5 23. Bxc5 Qxc5+ 24. Kh2 Rfd8 25. Rac1 Rbc8 26. Nxf7 Rd4 27. Nfd6 Rc6 28. Na5 Qxc1 29. Rxc1 Rxc1 30. Nxf5 exf5 31. Nb3 Re4 32. Nxc1 Rxe2 33. Nxe2 Nd5 34. Kg3 Kf7 35. Kf3 h4 36. Nd4 g6 37. Nc6 a6 38. b4 Ke6 39. g3 Kd6 40. Ne5 hxg3 41. Nxg6 Nxb4 42. Kxg3 Ke6 43. Kh4 Kf6 44. Kh5 Nd5 45. Kh6 Nb6 1/2-1/2

[Event "ROM-chT2"]
[Site "Sovata"]
[Date "1997.??.??"]
[Round "2"]
[White "Mateica, Mircea"]
[Black "Sima, Marian"]
[Result "1/2-1/2"]
[WhiteElo "2105"]
[BlackElo "2270"]
[PlyCount "68"]
[EventDate "1997.10.??"]
[EventType "team-tourn"]
[EventRounds "7"]
[EventCountry "ROU"]
[SourceTitle "EXT 2000"]
[Source "ChessBase"]
[SourceDate "1999.11.16"]
[SourceVersion "1"]
[SourceVersionDate "1999.11.16"]
[SourceQuality "1"]

1. d4 f5 2. g3 Nf6 3. Bg2 g6 4. c3 Bg7 5. Qb3 Nc6 6. Nf3 e6 7. 0-0 0-0 8. Bf4 h6 9. Na3 g5 10. Bd2 d6 11. Rad1 Qe8 12. Bc1 b6 13. c4 Bd7 14. Nb5 Rc8 15. a3 Na5 16. Qa2 Nxc4 17. Nxa7 Ra8 18. Qxc4 Rxa7 19. h4 g4 20. Ne1 Bb5 21. Qc2 Nh5 22. Nd3 e5 23. dxe5 dxe5 24. Nb4 f4 25. Nc6 Bxc6 26. Bxc6 Qe7 27. Qg6 Nf6 28. gxf4 exf4 29. Bxf4 Qf7 30. Qxf7+ Kxf7 31. e4 Kg8 32. Be5 Ra5 33. Bc3 Rh5 34. e5 Ne4 1/2-1/2

[Event "ROM-chT2"]
[Site "Sovata"]
[Date "1997.??.??"]
[Round "6"]
[White "Sima, Marian"]
[Black "Carmaciu, Lucian Catalin"]
[Result "1/2-1/2"]
[WhiteElo "2270"]
[BlackElo "1765"]
[PlyCount "36"]
[EventDate "1997.10.??"]
[EventType "team-tourn"]
[EventRounds "7"]
[EventCountry "ROU"]
[SourceTitle "EXT 2000"]
[Source "ChessBase"]
[SourceDate "1999.11.16"]
[SourceVersion "1"]
[SourceVersionDate "1999.11.16"]
[SourceQuality "1"]

1. e4 c5 2. Nf3 a6 3. c3 d5 4. exd5 Qxd5 5. d4 Nf6 6. Be3 cxd4 7. cxd4 e6 8. Nc3 Qd6 9. Bd3 Nc6 10. 0-0 Nb4 11. Bb1 Be7 12. a3 Nbd5 13. Qd3 Bd7 14. Ne5 Rd8 15. Rd1 b5 16. Bg5 Bc6 17. Nxc6 Qxc6 18. Qf3 Rc8 1/2-1/2